000 00603nam a2200241Ia 4500
003 OSt
005 20220918212120.0
006 a|||||r|||| 00| 0
007 ta
008 220917b |||||||| |||| 00| 0 eng d
024 _a127,309
037 _cTextual
040 _aARTS
_cARTS
_beng
041 _2eng
_aeng
082 _aX, L6
100 _aSamir Amin
_923539
245 0 _aImperialism and unequal development
260 _aSussex
_bHarvester Press
_c1976
300 _a267p.
_ccm.
650 _aECONOMICS
942 _hX, L6
_cTEXL
_2CC
999 _c250451
_d250451